<?xml version="1.0" encoding="UTF-8"?>
<record
    xmlns:xsi="http://www.w3.org/2001/XMLSchema-instance"
    xsi:schemaLocation="http://www.loc.gov/MARC21/slim http://www.loc.gov/standards/marcxml/schema/MARC21slim.xsd"
    xmlns="http://www.loc.gov/MARC21/slim">

  <leader>00828nam a22001937a 4500</leader>
  <controlfield tag="003">OSt</controlfield>
  <controlfield tag="005">20251124132915.0</controlfield>
  <controlfield tag="008">251124b        |||||||| |||| 00| 0 eng d</controlfield>
  <datafield tag="040" ind1=" " ind2=" ">
    <subfield code="c">DCL</subfield>
  </datafield>
  <datafield tag="082" ind1=" " ind2=" ">
    <subfield code="a">&#x1042;&#x1049;&#x1044;.&#x1043;&#x1048;&#x1042;&#x1042;&#x1044;</subfield>
  </datafield>
  <datafield tag="130" ind1=" " ind2=" ">
    <subfield code="a">&#x1010;&#x102D;&#x1015;&#x102D;&#x100B;&#x1000;&#x104B;</subfield>
    <subfield code="p">&#x101D;&#x102D;&#x1014;&#x101A;&#x1015;&#x102D;&#x100B;&#x1000;&#x104B;</subfield>
    <subfield code="t">&#x1005;&#x1030;&#x1020;&#x101D;&#x1002;&#x1039;&#x1002;&#x104A; </subfield>
    <subfield code="l">&#x1021;&#x100B;&#x1039;&#x100C;&#x1000;&#x1011;&#x102C;&#x104B;</subfield>
  </datafield>
  <datafield tag="245" ind1=" " ind2=" ">
    <subfield code="a">&#x1005;&#x1030;&#x1020;&#x101D;&#x1002;&#x1039;&#x1002;&#x102B;&#x1012;&#x102D;&#x1021;&#x100B;&#x1039;&#x100C;&#x1000;&#x1011;&#x102C;&#x104B;</subfield>
  </datafield>
  <datafield tag="250" ind1=" " ind2=" ">
    <subfield code="a">&#x1012;&#x102F;&#x1010;&#x102D;&#x101A;&#x1021;&#x1000;&#x103C;&#x102D;&#x1019;&#x103A;&#x104B;</subfield>
  </datafield>
  <datafield tag="264" ind1=" " ind2=" ">
    <subfield code="a">&#x101B;&#x1014;&#x103A;&#x1000;&#x102F;&#x1014;&#x103A; &#x104A;</subfield>
    <subfield code="b">&#x101E;&#x102C;&#x101E;&#x1014;&#x102C;&#x101B;&#x1031;&#x1038;&#x1026;&#x1038;&#x1005;&#x102E;&#x1038;&#x104A;</subfield>
    <subfield code="c">&#x1041;&#x1049;&#x1049;&#x1041;&#x104B;</subfield>
  </datafield>
  <datafield tag="300" ind1=" " ind2=" ">
    <subfield code="a">&#x1042;&#x1049;&#x1044; &#x1005;&#x102C;&#x1019;&#x103B;&#x1000;&#x103A;&#x1014;&#x103E;&#x102C; &#x104A;</subfield>
    <subfield code="c">&#x1042;&#x1046; &#x1005;&#x1004;&#x103A;&#x1010;&#x102E;&#x104B;</subfield>
  </datafield>
  <datafield tag="650" ind1=" " ind2=" ">
    <subfield code="a">&#x1005;&#x1030;&#x1020;&#x101D;&#x102B; </subfield>
    <subfield code="v">&#x1021;&#x100B;&#x1039;&#x100C;&#x1000;&#x1011;&#x102C;&#x104B;</subfield>
  </datafield>
  <datafield tag="650" ind1=" " ind2=" ">
    <subfield code="a">&#x1005;&#x1030;&#x1020;&#x101D;&#x1002;&#x1039;&#x1002;</subfield>
    <subfield code="v">&#x1021;&#x100B;&#x1039;&#x100C;&#x1000;&#x1011;&#x102C;&#x104B;</subfield>
  </datafield>
  <datafield tag="942" ind1=" " ind2=" ">
    <subfield code="2">ddc</subfield>
    <subfield code="c">SHORT TERM</subfield>
    <subfield code="n">0</subfield>
  </datafield>
  <datafield tag="952" ind1=" " ind2=" ">
    <subfield code="0">0</subfield>
    <subfield code="1">0</subfield>
    <subfield code="2">ddc</subfield>
    <subfield code="4">0</subfield>
    <subfield code="7">0</subfield>
    <subfield code="8">P</subfield>
    <subfield code="a">DHAM</subfield>
    <subfield code="b">DHAM</subfield>
    <subfield code="c">Myanmar Pitaka Shelves</subfield>
    <subfield code="d">2025-11-24</subfield>
    <subfield code="l">0</subfield>
    <subfield code="o">&#x1042;&#x1049;&#x1044;.&#x1043;&#x1048;&#x1042;&#x1042;&#x1044; &#x101D;&#x102D; &#x1042;&#x1045;&#x1045;&#x1043;</subfield>
    <subfield code="p">MB00002553</subfield>
    <subfield code="r">2025-11-24 13:29:53</subfield>
    <subfield code="w">2025-11-24</subfield>
    <subfield code="y">SHORT TERM</subfield>
    <subfield code="A">&#x1042;&#x1045;&#x1045;&#x1043;</subfield>
  </datafield>
  <datafield tag="999" ind1=" " ind2=" ">
    <subfield code="c">2597</subfield>
    <subfield code="d">2597</subfield>
  </datafield>
</record>
